Normal view
MARC view
- Dr. Muhammd Jamaluddin Tahaheem.
Entry Personal Name
001 - CONTROL NUMBER
- control field: 28969
003 - CONTROL NUMBER IDENTIFIER
- control field: NUST
005 - DATE AND TIME OF LATEST TRANSACTION
- control field: 20200314204347.0
008 - FIXED-LENGTH DATA ELEMENTS
- fixed length control field: 200314|| aca||aabn | a|a d
040 ## - CATALOGING SOURCE
- Original cataloging agency: NUST
- Transcribing agency: NUST
100 ## - HEADING--PERSONAL NAME
- Personal name: Dr. Muhammd Jamaluddin Tahaheem.
670 ## - SOURCE DATA FOUND
- Source citation: Work cat.: (NUST): Malik, Bilal 28967, Factors Affecting Labor Productivity /, 2016.
